| 000 | 00837nac a22002531i 4500 | ||
|---|---|---|---|
| 003 | EG-ScBUE | ||
| 005 | 20230117133913.0 | ||
| 008 | 230117s2004 nyua f 000 0 eng d | ||
| 020 | _a006074507X (hardcover) | ||
| 020 | _a9780060745073 | ||
| 040 |
_aEG-ScBUE _beng _erda _cEG-ScBUE _dEG-ScBUE |
||
| 082 | 0 | 4 |
_a747.883 _bTRU _222 |
| 100 | 1 |
_aTrulove, James Grayson, _eauthor. |
|
| 245 | 1 | 0 |
_aLiving outside inside / _cJames Grayson Trulove. |
| 264 | 1 |
_aNew York, NY : _bHarper Design International, an Imprint of HarperCollins Publishers, _c2004. |
|
| 300 |
_a177 pages : _bcolor illustrations ; _c30 cm |
||
| 336 |
_2rdacontent _atext _btxt |
||
| 337 |
_2rdamedia _aunmediated _bn |
||
| 338 |
_2rdacarrier _avolume _bnc |
||
| 650 | 7 |
_aArchitecture _xDesign. _2BUEsh |
|
| 653 | _bENGARC | ||
| 655 | _vReading book | ||
| 942 |
_cBB _2ddc |
||
| 999 |
_c3117 _d3117 |
||